| 000 | 00469cam a2200169ua 4500 | ||
|---|---|---|---|
| 020 | _a0 87201 318 9 | ||
| 041 |
_aeng _h |
||
| 082 |
_a028.71624 _bHSU/ST |
||
| 100 | _aHsu, Tang H . | ||
| 245 |
_aStructural engineering and applied mechanics data hanbook: Plates vol-3 / _cTang H Hsu. _hTextual Documents |
||
| 250 |
_a1 / _b. |
||
| 260 |
_aLondon : _bGulf Publishing Company , _c1990. |
||
| 300 | _a358 ; . | ||
| 504 | _a | ||
| 942 | _cBK | ||
| 999 |
_c7119 _d7119 |
||